|
|
|
|
| LEADER |
01422nam a2200289 a 4500 |
| 001 |
11973124 |
| 008 |
100621s1994 bg b 100 0 eng d |
| 010 |
|
|
|a 99952856
|
| 040 |
|
|
|a DLC
|c DLC
|d DLC
|
| 082 |
0 |
0 |
|a 633.1/8/095492
|2 21
|
| 111 |
2 |
|
|a Workshop on Experiences with Modern Rice Cultivation in Bangladesh
|n (16th :
|d 1993 :
|c Bangladesh Rice Research Institute)
|
| 245 |
1 |
0 |
|a Proceedings of the Workshop on Experiences with Modern Rice Cultivation in Bangladesh, 8-10 June 1993.
|
| 260 |
|
|
|a Gazipur :
|b Bangladesh Rice Research Institute,
|c 1994.
|
| 300 |
|
|
|a 133 p. ;
|c 23 cm.
|
| 546 |
|
|
|a Includes passages in Bengali.
|
| 500 |
|
|
|a "Theme: Rice production in a changing environment."
|
| 500 |
|
|
|a "Jointly sponsored by Bangladesh Rice Research Institute and Department of Agriculture Extension."
|
| 520 |
|
|
|a Papers presented at the 16th national workshop.
|
| 504 |
|
|
|a Includes bibliographical references (p. 133).
|
| 541 |
1 |
|
|e 00001707
|
| 650 |
|
0 |
|a Rice
|z Bangladesh
|v Congresses.
|
| 650 |
|
0 |
|a Rice
|x Varieties
|z Bangladesh
|v Congresses.
|
| 710 |
2 |
|
|a Bangladesh Rice Research Institute.
|
| 710 |
1 |
|
|a Bangladesh.
|b Dept. of Agriculture Extension.
|
| 852 |
4 |
|
|a Ayesha Abed Library
|j General shelf
|
| 999 |
|
|
|c 9035
|d 9035
|
| 952 |
|
|
|0 0
|1 0
|2 ddc
|4 0
|6 633_180954920000000_PRO_1994
|7 0
|9 11157
|a BRACUL
|b BRACUL
|c GEN
|d 2010-06-22
|g 0.00
|l 0
|o 633.18095492 PRO
|p 3010001707
|r 2010-06-22
|t 1
|w 2010-06-22
|y BK
|z Not price in Register
|